Leading with cultural intelligence <the> real secret to success

Na minha lista:
Detalhes bibliográficos
Autor principal: Livermore, David
Formato: Livro
Idioma:inglês
Publicado em: New York AMACOM 2015
Edição:2nd ed.
Assuntos:
Tags: Adicionar Tag
Sem tags, seja o primeiro a adicionar uma tag!

MARC

LEADER 00000nam a2200000 4500
001 0227863
005 20240306140346.1
020 |a 978-0-8144-4917-2 
020 |a 0-8144-4917-4 
041 0 |a eng 
044 |a US 
245 1 0 |a Leading with cultural intelligence  |b <the> real secret to success  |c David Livermore ; foreword by Soon Ang, and Linn Van Dyne 
250 |a 2nd ed. 
264 1 |a New York  |b AMACOM  |c 2015 
300 |a 256 s. 
610 2 0 |a globalizácia 
610 2 0 |a multikulturalizmus 
610 2 0 |a zvyklosti kultúrne 
610 2 0 |a podnik multinacionálny 
610 2 0 |a riadenie podnikové 
610 2 0 |a vedenie ľudí 
610 2 0 |a komunikácia interkultúrna 
610 2 0 |a výskum 
610 2 0 |a kultúra 
610 2 0 |a inteligencia 
610 2 0 |a štúdie 
610 2 0 |a správanie organizačné 
100 1 |a Livermore, David